|
|
|
|
| LEADER |
00000nam a22000007a 4500 |
| 005 |
20220307193120.0 |
| 007 |
cr|||| |||| |
| 008 |
220307s2016 es |||||s|||| 00||0 spa d |
| 020 |
|
|
|a 978-84-9123-406-7
|
| 035 |
|
|
|a 33613
|
| 040 |
|
|
|a vLex
|
| 090 |
|
|
|c 13052
|d 13052
|
| 100 |
1 |
|
|a Gonzl̀ez Romanillos, Jos ̌Antonio
|
| 245 |
1 |
0 |
|a Teora̕ y prc̀tica judicial en p̌oca republicana
|h [Recurso electrn̤ico] :
|b Polt̕ica y represin̤ criminal en la experiencia romana /
|c Jos ̌Antonio Gonzl̀ez Romanillos
|
| 256 |
|
|
|a Servicio en ln̕ea
|
| 260 |
|
|
|a Madrid:
|b Marcial Pons,
|c 2016
|
| 300 |
|
|
|a 1 recurso electrn̤ico
|
| 500 |
|
|
|a El presente trabajo versa sobre la teora̕ y la prc̀tica judicial en la Roma republicana, y su relacin̤ con los aspectos extrajurd̕icos que influyeron tanto en su concepcin̤ como en su evolucin̤. En este sentido, y puesto que una de las cuestiones que tuvieron ms̀ incidencia en este m̀bito fue el ambiente socio-polt̕ico en el que se creaban y aplicaban las normas procedimentales, se ha prestado especial atencin̤ al anl̀isis del contexto histr̤ico en el que se origin ̤y desarroll ̤cada proceso, pues, en muchos casos, es la n︢ica manera de entender la actuacin̤ de los sujetos que intervena̕n en el juicio. Para acometer tal tarea hemos preferido circunscribir el estudio a los dos grandes procesos que dominaron el escenario judicial de esa p̌oca, esto es, los iudicia populi y las quaestiones perpetuae. Por otra parte, y en relacin̤ tanto con el aspecto ter̤ico como con el prc̀tico, la obra se centra en el Derecho penal posterior a las XII Tablas, sobre todo el comprendido entre los siglos iii y i a. C., pues es el momento en el que los juicios populares haba̕n alcanzado su mx̀imo esplendor y cuando se crea y desarrolla el procedimiento per quaestiones.
|
| 506 |
1 |
|
|a Disponible solo en los productos indicados
|d vLex Global
|d vLex Global (Academic Edition, excluding Law Schools)
|d vLex Global (U.S. Academic Edition, Law Schools)
|d vLex Global (U.S. Academic Edition, excluding Law Schools)
|d vLex Global (Academic Edition, Law Schools)
|
| 650 |
0 |
4 |
|a Derecho Militar
|z Espaą
|
| 740 |
0 |
|
|a vLex Libros (Servicio en ln̕ea)
|
| 856 |
4 |
0 |
|u https://app.vlex.com/#/sources/33613
|z Acceso restringido
|
| 942 |
|
|
|c BOOK
|
| 999 |
0 |
|
|a Military Law
|